000 00672nam a2200181 i 4500
001 22549
003 ES-MaACL
005 20230906152720.0
007 t|
008 021203s1986 sp ||||1| spa d
020 _a84-7130-515-1
100 1 _aAlonso Hernández, Abel.
_920339
245 1 0 _aDiccionario de la exportación
_b: régimen comercial, jurídico, aduanero-fiscal, financiero, de riesgos, cambiario, bancario : (referencias al Tratado España-C.E.E.) /
_cAbel Alonso Hernández.
260 _aMadrid :
_bRevista de Derecho Privado,
_c1986.
300 _aXXII, 1706 p. ;
_c25 cm.
650 4 _aExportación-
_vDiccionarios.
_9171678
852 _aES-MaACL
_jL-9586
999 _c22549
_d22549